<?xml version="1.0" encoding="UTF-8"?>
<record
    xmlns:xsi="http://www.w3.org/2001/XMLSchema-instance"
    xsi:schemaLocation="http://www.loc.gov/MARC21/slim http://www.loc.gov/standards/marcxml/schema/MARC21slim.xsd"
    xmlns="http://www.loc.gov/MARC21/slim">

  <leader>01697nas a22002417a 4500</leader>
  <datafield tag="999" ind1=" " ind2=" ">
    <subfield code="c">40828</subfield>
    <subfield code="d">40828</subfield>
  </datafield>
  <controlfield tag="005">20200520110917.0</controlfield>
  <controlfield tag="007">cz aa aaaaa</controlfield>
  <controlfield tag="008">200428c           f||poo|||| 00| 0 eng d</controlfield>
  <datafield tag="022" ind1=" " ind2=" ">
    <subfield code="a">2664-651X</subfield>
  </datafield>
  <datafield tag="040" ind1=" " ind2=" ">
    <subfield code="c">oclc</subfield>
  </datafield>
  <datafield tag="082" ind1=" " ind2=" ">
    <subfield code="a">570</subfield>
    <subfield code="b">JOU/B</subfield>
  </datafield>
  <datafield tag="245" ind1=" " ind2=" ">
    <subfield code="a">International Journal of Molecular Biology and Biochemistry</subfield>
    <subfield code="h">e-Journal (Open Access)</subfield>
  </datafield>
  <datafield tag="260" ind1=" " ind2=" ">
    <subfield code="b">Prime Publications</subfield>
    <subfield code="a">Delhi, India </subfield>
  </datafield>
  <datafield tag="300" ind1=" " ind2=" ">
    <subfield code="a">PDF(online)</subfield>
  </datafield>
  <datafield tag="310" ind1=" " ind2=" ">
    <subfield code="a">Semiannual</subfield>
  </datafield>
  <datafield tag="365" ind1=" " ind2=" ">
    <subfield code="e">Open Access</subfield>
  </datafield>
  <datafield tag="500" ind1=" " ind2=" ">
    <subfield code="a">International Journal of Molecular Biology and Biochemistry is a peer reviewed, indexed, refereed and open access journal. Considers review and research articles related to molecular biology and biochemistry, Biotechnology, Genomics and Bioinformatics, Molecular Biology, Stem Cell Biology, Stem Cells &amp; Development, Cancer stem cells, Biochemical Engineering, Bioprocess Engineering, Multipotent stem cell, Nucleus, Medical Biotechnology, Agro, Food Biotechnology, Bone Transplantation, Cells Tissues Organs, Cell Transplantation, Cytotherapy, Biomedicine, Plant biology, Phytochemistry, Cancer Stem Cells Tumor, Experimental Hematology, Transplantation lymphoma, Stem cell genomes, Embryonic stem cell, Agricultural and Medicinal plants, Crop Productivity, Reproductive Biology and Toxicology, Biochemical Toxicology, DNA Damage and Repair, Plant molecular biotechnology Fetus, Gamete, Gene, Induced pluripotent stem cell, Passage, Totipotent stem cell, etc.</subfield>
  </datafield>
  <datafield tag="650" ind1=" " ind2="0">
    <subfield code="9">2322</subfield>
    <subfield code="a">Natural sciences &amp;amp; mathematics</subfield>
    <subfield code="v">Life sciences; biology</subfield>
  </datafield>
  <datafield tag="651" ind1=" " ind2="0">
    <subfield code="9">2254</subfield>
    <subfield code="a">India</subfield>
  </datafield>
  <datafield tag="655" ind1=" " ind2="0">
    <subfield code="9">2257</subfield>
    <subfield code="a">e-Journal</subfield>
  </datafield>
  <datafield tag="856" ind1=" " ind2=" ">
    <subfield code="u">http://www.biologyjournals.net/</subfield>
  </datafield>
  <datafield tag="942" ind1=" " ind2=" ">
    <subfield code="2">ddc</subfield>
    <subfield code="c">EJ</subfield>
    <subfield code="h">570</subfield>
    <subfield code="k">570</subfield>
    <subfield code="m">JOU/B</subfield>
  </datafield>
</record>
